Normal view
MARC view
- Gallico,Paul
Entry Personal Name
001 - CONTROL NUMBER
- control field: 112581
003 - CONTROL NUMBER IDENTIFIER
- control field: NUST
005 - DATE AND TIME OF LATEST TRANSACTION
- control field: 20230525113405.0
008 - FIXED-LENGTH DATA ELEMENTS
- fixed length control field: 230525|| aca||aabn | a|a d
040 ## - CATALOGING SOURCE
- Original cataloging agency: NUST
- Transcribing agency: NUST
100 ## - HEADING--PERSONAL NAME
- Personal name: Gallico,Paul
670 ## - SOURCE DATA FOUND
- Source citation: Work cat.: (NUST)186757: Gallico,Paul, Flowers for Mrs. Harris
